The Oxford 5000 - Letter U - Translate from Polish to English - Statystyki

Ogólne statystyki
  • Ten quiz został rozwiązany 8 razy
  • Średni wynik to 12 z 27
Statystyki odpowiedzi
Polish Angielski % Poprawnych
ostateczny, najwyższy ultimate
75%
uniwersalny universal
75%
niedopuszczalny, nieakceptowalny, nie do przyjęcia unacceptable
50%
niepewność uncertainty
50%
niekonstytucyjny unconstitutional
50%
student studiów pierwszego stopnia (licencjackich/inżynierskich) undergraduate
50%
zasadniczy, leżący u podstaw, ukryty (np. o przyczynie) underlying
50%
podważać, osłabiać (np. autorytet, zaufanie) undermine
50%
podjąć się (czegoś), przedsięwziąć undertake
50%
niewątpliwie, bez wątpienia undoubtedly
50%
rozwijać się (o sytuacji/akcji), rozkładać (np. mapę) unfold
50%
niefortunny, pechowy unfortunate
50%
jednoczyć, ujednolicać unify
50%
jednoczyć (się), zespalać unite
50%
jedność unity
50%
zaktualizować, podnieść standard, ulepszać / aktualizacja, ulepszenie upgrade
50%
pilny urgent
50%
użycie, zużycie (np. prądu) usage
50%
bezużyteczny, nieprzydatny useless
50%
użyteczność, usługa komunalna utility
50%
przejść (np. operację, zmianę), poddać się (np. szkoleniu) undergo
25%
bezprecedensowy, niespotykany unprecedented
25%
odsłonić, ujawnić (np. nowy produkt, plan) unveil
25%
nadchodzący, zbliżający się upcoming
25%
podtrzymywać, stać na straży (np. prawa, decyzji) uphold
25%
wykorzystać, użytkować utilize
0%
całkowicie, zupełnie utterly
0%
Nie znaleziono quizów pasujących do podanych kryteriów
Rozkład punktacji
Procent ludzi z każdym wynikiem
Percentyl według liczby udzielonych odpowiedzi
Twoja historia wyników
Nie rozwiązałeś tego quizu